Adivina el álbum por la portada - #2 - Estadísticas

Estadísticas generales
  • Esta prueba ha sido intentada 48 veces
  • La puntuación promedio es 7 de 20
Estadísticas de respuestas
Imagen Respuesta % Correcto
OK Computer
77%
SOUR
61%
To Pimp a Butterfly
55%
ASTROWORLD
50%
Pet Sounds
50%
Purple Rain
41%
Animals
39%
Certified Lover Boy
32%
The Velvet Underground & Nico
32%
Appetite for Destruction
30%
Hybrid Theory
30%
THE TORTURED POETS DEPARTMENT
30%
loveless
27%
Aerosmith
23%
Unknown Pleasures
23%
Songs of a Lost World
18%
Elephunk
16%
True Blue
14%
To Be Kind
11%
Golden Hour
9%
No se encontraron pruebas coincidentes
Distribución de puntuación
Porcentaje de gente con cada puntuación
Porcentaje por número respondido
Historial de tus puntuaciones
No has intentado esta prueba.